| 000 | 01002nam a22003131 4500 | ||
|---|---|---|---|
| 001 | 18535 | ||
| 003 | BD-RjUL | ||
| 005 | 20211209000311.0 | ||
| 008 | 140220s1916 mau 001 d eng | ||
| 035 | _a(BD-RjUL)18593 | ||
| 035 | _a(OCoLC)1618202 | ||
| 040 |
_aDLC _cOWoC _dOCoLC _dCLU _dPPPSB _dOCoLC _dDLC _dBD-RjUL _beng |
||
| 041 | _aeng | ||
| 082 |
_a822.33 _bSHA 1916 |
||
| 100 | 1 |
_aShakespeare, William, _d1564-1616. _957130 |
|
| 245 | 1 | 0 |
_aAs you like it / _ced. by J.C. Smith. |
| 250 | _aAmerican ed. | ||
| 260 |
_aBoston ; _aNew York [etc.] : _bD.C. Heath & Co., _cc1916. |
||
| 300 |
_axxiii, 200 p. ; _c17 cm. |
||
| 490 | 1 | _aThe Arden Shakespeare | |
| 504 | _aIncludes index. | ||
| 650 |
_aFathers and daughters _vDrama _956455 |
||
| 700 | 1 |
_aSmith, J. C. _q(James Cruickshanks), _d1867-1946. _957131 |
|
| 700 | 1 |
_aWright, Ernest Hunter, _d1882-1968. _957132 |
|
| 830 | 0 |
_aArden Shakespeare (Boston, Mass.) _957133 |
|
| 942 |
_2ddc _cBK |
||
| 999 |
_c18535 _d18535 |
||